Arquitectura Española 1992 : (Registro nro. 12458)

Detalles MARC
000 -LEADER
longitud fija campo de control 03231Cam#a22008295a#4500
003 - IDENTIFICADOR DE NUMERO DE CONTROL
control del campo AR-RoUNA
005 - FECHA DE LA ULTIMA MODIFICACION
control del campo 20260608090813.0
008 - CAMPO DE CONTROL - LIBROS
longitud fija campo de control 140529s1989||||sp|adeff |001 0|spa d
022 ## - ISSN
ISSN 02125683
040 ## - ORIGEN DE LA CATALOGACION
Agencia que cataloga la obra original AR-RoUNA
Idioma en que se cataloga spa
041 ## - CODIGO DE IDIOMA
Codigo de idioma del texto / sonido o titulo separado eng
Codigo de idioma de la traduccion original y / o intermedios de texto spa
044 ## - CODIGO DE PAIS / ENTIDAD PRODUCTORA
Codigo MARC del pais ag
080 ## - CDU
Numero de clasificacion 72.036
092 ## - SIGNATURA TOPOGRAFICA
Seccion Heme
Numero de clasificacion 72.036
Libristica A552
245 10 - TITULO PROPIAMENTE DICHO
Titulo Arquitectura Española 1992 :
Subtitulo Epifanías de la modernidad = Spanish Architecture 1992: Epiphanies of modernism /
Mencion de responsabilidad, etc editores y escritores Richard C. Levene; Fernando Márquez Cecilia
246 ## - VARIANTE DE TITULO
Titulo propiamente dicho / titulo corto El Croquis
Numero de la parte / seccion de una obra nº 55/56
260 ## - EDITORIAL - PUBLICACION, DISTRIBUCION, ETC. (Pie de imprenta)
Lugar de publicacion, distribucion, etc Madrid, España :
Nombre del editor, distribuidor, etc El Croquis Editorial,
Fecha de publicacion 1992
300 ## - DESCRIPCION FISICA
Extension continuacion p. 397-761 :
Otros detalles fisicos il.,
-- fot. col.,
Dimensiones 34 cm.
490 ## - MENCION DE SERIE
Titulo de la serie El Croquis
505 ## - NOTA DE CONTENIDO CON FORMATO
Título ÍNDICE
505 ## - NOTA DE CONTENIDO CON FORMATO
Título Arquitectura Española 1992
505 ## - NOTA DE CONTENIDO CON FORMATO
Título Epifanías de la modernidad
505 ## - NOTA DE CONTENIDO CON FORMATO
Título principal José Luis González Cobelo / Arquitectura española hacia los años noventa p.4
505 ## - NOTA DE CONTENIDO CON FORMATO
Título Obras
505 ## - NOTA DE CONTENIDO CON FORMATO
Título Guillermo Vázquez Consuegra
505 ## - NOTA DE CONTENIDO CON FORMATO
Título principal Pabellón de la Navegación en la Expo ´92 p.18
505 ## - NOTA DE CONTENIDO CON FORMATO
Título principal Central Telefónica de Pineda P.46
505 ## - NOTA DE CONTENIDO CON FORMATO
Título Manuel de las Casas e Ignacio de las Casas
505 ## - NOTA DE CONTENIDO CON FORMATO
Título principal Pabellón de Castilla / La Mancha en la Expo ´92 p.52
505 ## - NOTA DE CONTENIDO CON FORMATO
Título principal Consejería de Agricultura de Castilla/ La Mancha p.72
505 ## - NOTA DE CONTENIDO CON FORMATO
Título Jordi Garcés y Enric Soria
505 ## - NOTA DE CONTENIDO CON FORMATO
Título principal Pabellón Olímpico de Pelota p.84
505 ## - NOTA DE CONTENIDO CON FORMATO
Título Moisés Gallego y Franc Fernández
505 ## - NOTA DE CONTENIDO CON FORMATO
Título principal Piscinas Bernat Picornell p.102
505 ## - NOTA DE CONTENIDO CON FORMATO
Título principal Pabellón de Entrenamiento de la Villa Olímpica p.112
505 ## - NOTA DE CONTENIDO CON FORMATO
Título Alberto Noguerol y Pilar Diez
505 ## - NOTA DE CONTENIDO CON FORMATO
Declaración de responsabilidad Facultad de Filología de Santiago de Compostela p.122
505 ## - NOTA DE CONTENIDO CON FORMATO
Título principal Ayuntamiento de Camas y Biblioteca Municipal p.138
505 ## - NOTA DE CONTENIDO CON FORMATO
Título principal Aulario en Santa Comba p.146
505 ## - NOTA DE CONTENIDO CON FORMATO
Título Iñaki Ábalos y Juan Herreros
505 ## - NOTA DE CONTENIDO CON FORMATO
Título principal Luis Moreno Mansilla y Emilio Tuñón / Alfabeto. Abalos y Herrero 1992 p.154
505 ## - NOTA DE CONTENIDO CON FORMATO
Título Mariano Bayón
505 ## - NOTA DE CONTENIDO CON FORMATO
Título principal Centro Regional de la Red Eléctrica de España p.176
505 ## - NOTA DE CONTENIDO CON FORMATO
Título Manuel Gallego Jorreto
505 ## - NOTA DE CONTENIDO CON FORMATO
Título principal Mariano Bayón / Pensamiento confirmados por unas obras de Manuel Gallego p.186
505 ## - NOTA DE CONTENIDO CON FORMATO
Título principal Casa Rodriguez p.191
505 ## - NOTA DE CONTENIDO CON FORMATO
Título principal Casa de Cultura de Chantada p.200
505 ## - NOTA DE CONTENIDO CON FORMATO
Título Antonio Cruz y Antonio Ortiz
505 ## - NOTA DE CONTENIDO CON FORMATO
Título principal Viviendas en Tharis p.208
505 ## - NOTA DE CONTENIDO CON FORMATO
Título principal Viviendas Nuevo Sancti Petri p.218
505 ## - NOTA DE CONTENIDO CON FORMATO
Título Gonzalo Diaz Recasens
505 ## - NOTA DE CONTENIDO CON FORMATO
Título principal Casas patio Valparaiso p.226
505 ## - NOTA DE CONTENIDO CON FORMATO
Título Tonet Sunyer y Jordi Badia
505 ## - NOTA DE CONTENIDO CON FORMATO
Título principal Josep Maria Montaner / Minimalismo de lujo p.238
505 ## - NOTA DE CONTENIDO CON FORMATO
Título principal Casa en San Gervasio p.246
600 10 - MATERIA - NOMBRES PERSONALES
Nombre personal Campo Baeza, Alberto,
Fechas asociadas con el nombre 1946-
9 (RLIN) 24595
650 4# - MATERIA - TERMINO TEMATICO
Término temático general Arquitectura contemporanea
650 4# - MATERIA - TERMINO TEMATICO
Término temático general Viviendas unifamiliares
650 4# - MATERIA - TERMINO TEMATICO
Término temático general Arquitectura deportiva
650 4# - MATERIA - TERMINO TEMATICO
Término temático general Hospitales
650 4# - MATERIA - TERMINO TEMATICO
Término temático general Museos
650 4# - MATERIA - TERMINO TEMATICO
Término temático general Velodromos
651 4# - MATERIA - NOMBRE GEOGRAFICO
Termino geografico España
9 (RLIN) 2108
653 ## - MATERIA - PALABRAS CLAVES
Palabras claves Casa Turegano
700 1# - ENTRADA SECUNDARIA - NOMBRES PERSONALES
Nombre personal Marquez Cecilia, Fernando
9 (RLIN) 3198
700 1# - ENTRADA SECUNDARIA - NOMBRES PERSONALES
Nombre personal Ruiz Barbarin, Antonio.
9 (RLIN) 3806
908 ## - SOPORTE
Soporte Imp
930 ## - ACCESION
N vol. 2
Numero de accesion (NR) 6407
942 ## - FUENTE DE CLASIFICACION
Tipo de item Libro
Clasificacion Universal Decimal Classification
945 ## - INFORMACION DE PROCESAMIENTO
Codigo del operador MIA
Fecha de ingreso o modificacion 2018-12-13
980 ## - DECLARACIÓN DE EQUIVALENCIA O SERIE DE REFERENCIA CRUZADA - NOMBRE / TÍTULO PERSONAL [LOCAL, CANADÁ]
Código del operador que modifico el registro 1
Nombre del operador que modifico el registro Maricel Allasia
Código del operador 1
Nombre del operador Maricel Allasia
Existencias
Estado retiro Estado perdido Sistema de clasificacion Estado general Restricciones de uso Biblioteca de origen Ubicacion actual Localizacion en estante Fecha de adquisicion Fuente de adquisicion Prestamos totales Signatura y librística Proveedor Numero de ejemplar Tipo de elemento KOHA Nota no publica
Disponible Disponible cdu No dañado Ningun uso de restricciones Arq. Hilarión H. Larguia Arq. Hilarión H. Larguia Tec 05/06/2026 Don   72.036 A552 18513 ej. 1 Libro